Converbs and concessive conjuctions in Baskeet : (Record no. 63007)
[ view plain ]
| 000 -LEADER | |
|---|---|
| fixed length control field | 00902nam a22002177a 4500 |
| 003 - CONTROL NUMBER IDENTIFIER | |
| control field | OSt |
| 005 - DATE AND TIME OF LATEST TRANSACTION | |
| control field | 20170628020005.0 |
| 008 - FIXED-LENGTH DATA ELEMENTS--GENERAL INFORMATION | |
| fixed length control field | 170130b xxu||||| |||| 00| 0 eng d |
| 040 ## - CATALOGING SOURCE | |
| Original cataloging agency | AIU Library - Kenya |
| Transcribing agency | AIU Library - Kenya |
| Modifying agency | AIU Library - Kenya |
| 050 ## - LIBRARY OF CONGRESS CALL NUMBER | |
| Classification number | PJ 8991 |
| Item number | .M33 2016 |
| 100 ## - MAIN ENTRY--PERSONAL NAME | |
| 9 (RLIN) | 41923 |
| Personal name | Madebo, Getachew Yohannes. |
| 245 ## - TITLE STATEMENT | |
| Title | Converbs and concessive conjuctions in Baskeet : |
| Remainder of title | with special reference to the translation of the Baskeet New Testament |
| Statement of responsibility, etc | by Getachew Yohannes Madebo. |
| 260 ## - PUBLICATION, DISTRIBUTION, ETC. (IMPRINT) | |
| Place of publication, distribution, etc | Nairobi, Kenya : |
| Date of publication, distribution, etc | 2016. |
| 300 ## - PHYSICAL DESCRIPTION | |
| Extent | x, 123 p.; |
| 490 ## - SERIES STATEMENT | |
| Series statement | Thesis (M.A. Translation Studies) Africa International University (Kenya) |
| 500 ## - GENERAL NOTE | |
| General note | Thesis (M.A. Translation Studies) – AIU, Nairobi, 2016.<br/>[Africana] |
| 504 ## - BIBLIOGRAPHY, ETC. NOTE | |
| Bibliography, etc | Includes bibliography. |
| 650 ## - SUBJECT ADDED ENTRY--TOPICAL TERM | |
| Topical term or geographic name as entry element | Ethiopian languages. |
| 9 (RLIN) | 41924 |
| 650 ## - SUBJECT ADDED ENTRY--TOPICAL TERM | |
| Topical term or geographic name as entry element | Baskeet (African language) |
| General subdivision | Grammar. |
| 9 (RLIN) | 41925 |
| 942 ## - ADDED ENTRY ELEMENTS (KOHA) | |
| Source of classification or shelving scheme | Library of Congress Classification |
| Koha item type | Africana collection ( Reference) |
| Koha issues (borrowed), all copies | 4 |
| Withdrawn status | Lost status | Source of classification or shelving scheme | Damaged status | Not for loan | Collection code | Home library | Current library | Shelving location | Date acquired | Source of acquisition | Cost, normal purchase price | Total Checkouts | Full call number | Barcode | Date last seen | Copy number | Price effective from | Koha item type | Total Renewals | Date checked out |
|---|---|---|---|---|---|---|---|---|---|---|---|---|---|---|---|---|---|---|---|---|
| Library of Congress Classification | Thesis | AIU/NEGST - Tony Wilmot Memorial Library | AIU/NEGST - Tony Wilmot Memorial Library | Thesis in Reference | 01/30/2017 | Donation | 10.00 | THE PJ 8991.M33 2016 | R38186N3232 | 09/26/2019 | 1 | 01/30/2017 | Africana collection ( Reference) | |||||||
| Library of Congress Classification | General Circulation | AIU/NEGST - Tony Wilmot Memorial Library | AIU/NEGST - Tony Wilmot Memorial Library | General Stacks | 01/30/2017 | Donation | 10.00 | 6 | PJ 8991.M33 2016 | R38187P3232 | 07/19/2023 | 2 | 01/30/2017 | Africana collection (General) | 3 | 07/12/2023 |
